Pash : (Record no. 77742)

MARC details
000 -LEADER
fixed length control field 00539nam a22001817a 4500
005 - DATE AND TIME OF LATEST TRANSACTION
control field 20131009124631.0
010 ## - LCCN (DPL NO)
LC control number ENG-108089
020 ## - INTERNATIONAL STANDARD BOOK NUMBER
Terms of availability 400.00
International Standard Book Number 9788173292415
035 ## - SYSTEM CONTROL NUMBER
System control number EN-91622
037 ## - SOURCE OF ACQUISITION
Source of stock number/acquisition DBAD/PUB
082 ## - DEWEY DECIMAL CLASSIFICATION NUMBER
Classification number 881
245 ## - TITLE STATEMENT
Title Pash :
Remainder of title a poet of impossible dreams /
Statement of responsibility, etc translated from Punjabi by T.C. Ghai
260 ## - PUBLICATION, DISTRIBUTION, ETC. (IMPRINT)
Place of publication, distribution, etc Delhi
Name of publisher, distributor, etc Shilalekh
Date of publication, distribution, etc 2013
270 ## - ADDRESS
Address 4/32, Subhash Gali, Vishwas Nagar, Shahdara
City Delhi
Postal code 110032
300 ## - PHYSICAL DESCRIPTION
Extent 236p.
Dimensions 22cm(Hb)
700 ## - ADDED ENTRY--PERSONAL NAME
Personal name Ghai, T.C.
942 ## - ADDED ENTRY ELEMENTS (KOHA)
Source of classification or shelving scheme Dewey Decimal Classification
Item type English Books
Call number suffix PAS
Classification part 881
Holdings
Withdrawn status Lost status Not for loan Collection code Home library Current library Date acquired Source of acquisition Cost, normal purchase price Full call number Barcode Copy number Cost, replacement price Koha item type
    Not For Loan Fiction D.B.Act.Division D.B.Act.Division 19/07/2013 DBAD/PUB 400.00 881 PAS EN-91622 1 400.00 English Books

© Delhi Public Library
Hit Counter
free hit counter